000 01751nam a22002897a 4500
999 _c21632
_d21632
003 AR-CdUCM
008 190319b ||||| |||| 00| 0 spa d
040 _aMUNICIPALIDAD PROVINCIAL DEL CUSCO
_cBIBLIOTECA MUNICIPAL DEL CUSCO
082 _a305.800/E76
_bE76
100 _aEscalante Pancorbo, Zonia Frecia
_945593
245 _aEtnografía de Cusco a La Raya :
_bsistema vial andino qhapaq ñan al qollasuyu, Proyecto Qhapaq Ñan /
_c[elaboración de contenidos, redacción, sistematización e investigación etnográfica y registro fotográfico, Zonia Frecia Escalante Pancorbo, Frida Callañaupa Gibaja]
260 _aCusco :
_bDirección Desconcentrada de Cultura de Cusco,
_c2017.
300 _a399, [1] Páginas. :
_bilustraciones en color, mapas ;
_c26 cm.
500 _aIncluye índice
_zBibliografía: p. 387-399.
505 _aContenido: La población en el camino al Qollasuyu -- Etnografía de la Provincia de Cusco -- Wanchaq -- San Jerónimo -- San Sebastián -- San Jerónimo -- Saylla -- Provincia de Quispicanchis -- Oropesa -- Lucre -- Andahuaylillas -- Huaro -- Urcos -- Quiquijana -- Cusipata -- Provincia de Canchis -- Santa Cruz de Occobamba -- Checacupe -- Combapata -- Tinta -- San Pedro -- San Pablo -- Sicuani -- Maranganí -- Calendario de festividades de los pueblos del Qhapaq Ñan al Qollasuyu.
650 _aEtnología
_91915
650 _aCarreteras
_919668
650 _aÉpoca Prehispánica
_92714
650 _aHistoria
_945594
650 _aVida y costumbres sociales
_9857
650 _aPerú
_945595
700 _aCallañaupa Gibaja, Frida
_945596
710 _aDirección Desconcentrada de Cultura (Cusco)
_910927
710 _aProyecto Qhapaq Ñan (Perú)
_945597
942 _2ddc
_cLIBROS
945 _aRoel